| 000 | 01017nam a22002297a 4500 | ||
|---|---|---|---|
| 003 | UA-OsUOA | ||
| 001 | 49851 | ||
| 007 | ta | ||
| 008 | 20140130b un ||||| |||| 00| 0 ukr d | ||
| 090 |
_a082 _bП35 |
||
| 942 | _cBK | ||
| 040 |
_aUA-OsUOA _bukr _cUA-OsUOA _dUA-OsUOA |
||
| 245 |
_aПитання стародавньої та середньовічної історії, археології й етнології (Збірник наукових праць, присвячений 125-річчю Чернівецького національного університету імені Юрія Федьковича та 2000-літтю християнства) _bТ. 3 |
||
| 300 | _a268 с. | ||
| 955 | _a1 | ||
| 041 | _aukr | ||
| 080 | _a082 | ||
| 260 |
_aЧернівці _bЗолоті литаври _c2000 |
||
| 650 | 7 |
_a08 Видання. Колективні праці _2UDC |
|
| 999 |
_c429979 _d429979 |
||